Britney Spears Top 20 Streams - Statistics

General Stats
  • This quiz has been taken 84 times
  • The average score is 12 of 20
Answer Stats
Answer Streams % Correct
Toxic 968.2 million
96%
Oops I Did It Again 624.5 million
94%
Baby One More Time 634.7 million
89%
Womanizer 455 million
83%
Circus 288 million
82%
Sometimes 152.8 million
68%
Stronger 130.1 million
66%
Work Bitch 295.7 million
65%
Gimme More 473.6 million
63%
I'm a Slave 4 U 181.1 million
58%
Lucky 126.9 million
58%
I Wanna Go 135.4 million
56%
Everytime 130.9 million
52%
If U Seek Amy 159.1 million
52%
Piece of Me 121.6 million
52%
Till The World Ends 153.1 million
51%
Criminal 204.3 million
49%
Hold Me Closer 259.6 million
42%
Make Me 128.4 million
41%
My Only Wish (This Year) 260.9 million
14%
No matching quizzes found
Score Distribution
Percent of People with Each Score
Percentile by Number Answered
Your Score History
You have not taken this quiz